| 000 | 00601nam a2200193 4500 | ||
|---|---|---|---|
| 001 | 132224 | ||
| 003 | ES-MaACL | ||
| 005 | 20250814234434.0 | ||
| 007 | t| | ||
| 008 | 070214s1979 sp r ||||1| spa d | ||
| 100 | 1 |
_aRomero, Aníbal. _999304 |
|
| 245 | 1 | 0 |
_aEstrategia y política en la era nuclear / _cAníbal Romero. |
| 260 |
_aMadrid : _bTecnos, _c1979. |
||
| 300 |
_a302 p. ; _c23 cm. |
||
| 490 | 1 | _aCiencias Sociales. Relaciones Internacionales | |
| 830 | 0 | 0 |
_aCiencias sociales. _pRelaciones internacionales _9219637 |
| 852 |
_aES-MaACL _jL-11413 _bR.113109 |
||
| 999 |
_c132224 _d132224 |
||